Liste des personnages de Twisted Metal (1995) - Statistiques

Statistiques générales
  • Ce quiz a été pris 2 fois
  • Le résultat moyen est 4 sur 13
Statistiques - réponses
Indices Personnages % Correct
Un clown tueur à a recherche de son meilleur ami. Sweet Tooth
100%
Le boss du jeu Minion
50%
Un être qui collectionne les âmes et qui en recherche une en particulier. Mr. Grimm
50%
Un policier qui veut mettre fin au Twisted Metal Outlaw
50%
Un ancien militaire qui veut sauver ses camarades morts à la guerre Roadkill
50%
Un soldat envoyé par le gouvernement américain pour retrouver un objet très puissant. Warthog
50%
Un agent secret à la recherche d'un objet puissant Crimson Fury
0%
Un rejeton de l'Enfer à la recherche de ce qui lui appartient de droit. Darkside
0%
Deux lycéens rebelles qui concourent pour le frisson du combat. Hammerhead
0%
Une femme qui demande un million de dollar Pit Viper
0%
Le fantôme d'un homme qui veut revenir à la vie. Spectre
0%
Un homme qui veut mettre fin à la violence dans son quartier Thumper
0%
Un homme solitaire à la recherche de son fils disparu. Yellow Jacket
0%
Aucun quiz correspondant
Distribution des résultats
% des personnes avec chaque résultat
Percentile par nombre de réponses
Votre historique - résultats
Vous n’avez pas pris ce quiz